000
00249 a2200097 4500
110
_a
NATIONAL BANK
245
_a
ANNUAL REPORT AND FINANCIAL STATEMENTS 2009
500
_a
BOX 15
650
_2
ANNUAL REPORTS FOR OTHER ORGANISATIONS
942
_c
PERIODICAL
999
_c
2610
_d
2610